Top 15 biggest cities in the Capital Region of Denmark - Statistics

General Stats
  • This quiz has been taken 13 times
  • The average score is 9 of 15
Answer Stats
Hint Answer % Correct
1,345,562 Copenhagen
100%
47,257 Helsingør
80%
20,312 Farum
70%
16,850 Frederikssund
70%
35,357 Hillerød
70%
35,238 Taastrup
70%
20,877 Birkerød
60%
47,680 Hørsholm
60%
16,741 Lillerød
60%
12,718 Frederiksværk
50%
13,663 Hedehusene
50%
13,069 Værløse
50%
20,657 Smørumnedre
40%
22,658 Ølstykke-Stenløse
30%
13,807 Rønne
30%
No matching quizzes found
Score Distribution
Percent of People with Each Score
Percentile by Number Answered
Your Score History
You have not taken this quiz